| 000 | 00420nam a2200157 i 4500 | ||
|---|---|---|---|
| 001 | 47081 | ||
| 003 | ES-MaACL | ||
| 005 | 20230906161511.0 | ||
| 007 | t| | ||
| 008 | 030403s1961 sp ||||1| spa d | ||
| 100 | 1 |
_aContreras, Ernesto. _940305 |
|
| 245 | 1 | 3 |
_aEl paseo y otros relatos / _cErnesto Contreras. |
| 260 |
_aAlicante : _bSilbo, _c1961. |
||
| 300 |
_a113 p. ; _c19 cm. |
||
| 852 |
_aES-MaACL _jC-20110 _bR.48221 |
||
| 999 |
_c47081 _d47081 |
||